[Event "GER-chT Lands U20"]
[Site "Tuebingen"]
[Date "2024.10.05"]
[Round "5"]
[White "Yin, Vito"]
[Black "Junge, Mattheo Gabriel"]
[Result "0-1"]
[WhiteElo "1859"]
[BlackElo "1907"]
[PlyCount "52"]
[EventDate "2024.10.03"]
[EventType "team-swiss"]
[EventRounds "7"]
[EventCountry "GER"]
[SourceTitle "CB47_2024"]
[SourceDate "2024.11.20"]
[SourceVersion "1"]
[SourceVersionDate "2024.11.20"]
[SourceQuality "1"]

1. c4 Nf6 2. Nc3 g6 3. g3 Bg7 4. Bg2 0-0 5. e3 d6 6. Rb1 a5 7. a3 e5 8. d3 c6 9. b4 axb4 10. axb4 Qc7 11. Nge2 Re8 12. b5 Bf5 13. e4 Be6 14. 0-0 Nh5 15. Be3 Rf8 16. Ra1 Rxa1 17. Qxa1 f5 18. Qa7 f4 19. Bb6 Qe7 20. f3 fxg3 21. hxg3 c5 22. Na4 Bh6 23. Bh1 Be3+ 24. Kg2 Qg5 25. Nxc5 Nf4+ 26. Nxf4 exf4 0-1

[Event "GER-chT Lands U20"]
[Site "Tuebingen"]
[Date "2024.10.03"]
[Round "1"]
[White "Glowiak, Alexandra"]
[Black "Junge, Mattheo Gabriel"]
[Result "0-1"]
[WhiteElo "1839"]
[BlackElo "1907"]
[PlyCount "104"]
[EventDate "2024.10.03"]
[EventType "team-swiss"]
[EventRounds "7"]
[EventCountry "GER"]
[SourceTitle "CB47_2024"]
[SourceDate "2024.11.20"]
[SourceVersion "1"]
[SourceVersionDate "2024.11.20"]
[SourceQuality "1"]

1. e4 c6 2. Nf3 g6 3. Nc3 Bg7 4. Be2 d6 5. a3 Nf6 6. d4 0-0 7. 0-0 Bg4 8. Be3 Nbd7 9. h3 Bxf3 10. Bxf3 e5 11. d5 Qc7 12. Rc1 cxd5 13. Nxd5 Nxd5 14. Qxd5 Nb6 15. Qa5 Rfc8 16. b3 Qc3 17. Qxc3 Rxc3 18. Bd2 Rc6 19. c4 a5 20. a4 Nd7 21. Be3 h5 22. Bd1 Kh7 23. g4 hxg4 24. hxg4 Nc5 25. Bc2 Ne6 26. g5 Bf8 27. f4 exf4 28. Bxf4 Be7 29. Rcd1 Nxf4 30. Rxf4 Kg7 31. Rg4 Rh8 32. Rd5 Rc5 33. Bd3 Rh3 34. Rxc5 dxc5 35. Bc2 Rc3 36. Rg2 b6 37. Bd1 Rc1 38. Rd2 Bxg5 39. Rd6 Bf4 40. Rd5 Be3+ 41. Kf1 Bd4 42. Ke2 Rc3 43. Kd2 Re3 44. Bc2 Rh3 45. Bd3 Be3+ 46. Ke2 Bf4 47. Kd1 g5 48. Kc2 Rh2+ 49. Kb1 g4 50. Rf5 Be3 51. Bf1 g3 52. Rf3 Bf2 0-1

[Event "GER-ch U12"]
[Site "Willingen"]
[Date "2024.05.25"]
[Round "9"]
[White "Rodriguez Klasen, Ennio"]
[Black "Junge, Mattheo Gabriel"]
[Result "1/2-1/2"]
[WhiteElo "1802"]
[BlackElo "1817"]
[PlyCount "58"]
[EventDate "2024.05.19"]
[EventType "swiss"]
[EventRounds "9"]
[EventCountry "GER"]
[SourceTitle "CBM 220 Extra"]
[Source "ChessBase"]
[SourceDate "2024.07.31"]
[SourceVersion "1"]
[SourceVersionDate "2024.07.31"]
[SourceQuality "1"]

1. e4 c6 2. Nf3 d5 3. Nc3 dxe4 4. Nxe4 Nf6 5. Qe2 Nxe4 6. Qxe4 Nd7 7. Bc4 Nf6 8. Ne5 e6 9. Qe2 Bd6 10. d4 0-0 11. Bg5 Qa5+ 12. Qd2 Qxd2+ 13. Bxd2 c5 14. Nf3 a6 15. a4 b6 16. 0-0-0 b5 17. Be2 c4 18. c3 Bb7 19. Ne5 Bxe5 20. dxe5 Nd7 21. Bf4 Nb6 22. a5 Nd5 23. Bf3 Rab8 24. Bxd5 Bxd5 25. Be3 Bxg2 26. Rhg1 Be4 27. Bc5 Rfc8 28. Bd6 Rb7 29. Rd4 Bf5 1/2-1/2

[Event "GER-ch U12"]
[Site "Willingen"]
[Date "2024.05.24"]
[Round "8"]
[White "Junge, Mattheo Gabriel"]
[Black "Marynychenko, Yehor"]
[Result "0-1"]
[WhiteElo "1817"]
[BlackElo "1896"]
[PlyCount "128"]
[EventDate "2024.05.19"]
[EventType "swiss"]
[EventRounds "9"]
[EventCountry "GER"]
[SourceTitle "CBM 220 Extra"]
[Source "ChessBase"]
[SourceDate "2024.07.31"]
[SourceVersion "1"]
[SourceVersionDate "2024.07.31"]
[SourceQuality "1"]

1. e4 c5 2. Nf3 Nc6 3. Bb5 Nd4 4. Nxd4 cxd4 5. 0-0 a6 6. Bc4 e6 7. d3 d6 8. a4 Nf6 9. Bb3 Be7 10. f4 0-0 11. Nd2 Nd7 12. Nf3 Bf6 13. a5 Nc5 14. Bd2 Nxb3 15. cxb3 Bd7 16. Bb4 Bb5 17. Kh1 Re8 18. e5 dxe5 19. fxe5 Be7 20. Bxe7 Rxe7 21. Qe2 Qd5 22. Nd2 Bc6 23. Nc4 Rf8 24. Rf4 f5 25. exf6 gxf6 26. Raf1 Rg7 27. Rg4 Rff7 28. Rff4 h5 29. Rxd4 hxg4 30. Rxd5 exd5 31. Nd6 Re7 32. Qf2 Re6 33. Nf5 Rg5 34. Nd4 Re8 35. g3 Kf7 36. b4 Rge5 37. Qf4 Bb5 38. Qxg4 Bxd3 39. Kg2 Bg6 40. h4 R8e7 41. Qd1 Re1 42. Qb3 Be4+ 43. Kf2 Rh1 44. Qc3 Rd1 45. Ke2 Rd3 46. Qxd3 Bxd3+ 47. Kxd3 Re4 48. b5 axb5 49. b3 Rg4 50. Nxb5 Rxg3+ 51. Kd4 Rxb3 52. Kc5 f5 53. Nd4 Ra3 54. Kb4 Ra1 55. Nxf5 Ke6 56. Nd4+ Ke5 57. Nf3+ Ke4 58. Nd2+ Ke3 59. Nb3 Rh1 60. Kb5 Rb1 61. Kb4 d4 62. h5 d3 63. h6 d2 64. h7 Rh1 0-1

[Event "GER-ch U12"]
[Site "Willingen"]
[Date "2024.05.22"]
[Round "6"]
[White "Junge, Mattheo Gabriel"]
[Black "Fadeev, Justin Michael"]
[Result "1-0"]
[WhiteElo "1817"]
[BlackElo "1762"]
[PlyCount "123"]
[EventDate "2024.05.19"]
[EventType "swiss"]
[EventRounds "9"]
[EventCountry "GER"]
[SourceTitle "CBM 220 Extra"]
[Source "ChessBase"]
[SourceDate "2024.07.31"]
[SourceVersion "1"]
[SourceVersionDate "2024.07.31"]
[SourceQuality "1"]

1. e4 e6 2. d4 d5 3. e5 c5 4. c3 Qb6 5. Nf3 Nc6 6. Bd3 cxd4 7. 0-0 Bd7 8. Re1 Nge7 9. h4 Rc8 10. h5 h6 11. Nbd2 dxc3 12. bxc3 Na5 13. Rb1 Qc7 14. Ba3 Qxc3 15. Nb3 Nec6 16. Rc1 Qxe1+ 17. Qxe1 Bxa3 18. Nxa5 Bxc1 19. Nxb7 Ba3 20. Nd6+ Bxd6 21. exd6 0-0 22. Ne5 Nxe5 23. Qxe5 Rc1+ 24. Kh2 Rfc8 25. Qd4 R1c5 26. Ba6 R8c6 27. Bb7 Kf8 28. Bxc6 Rxc6 29. Qb4 Ke8 30. Qb8+ Bc8 31. a4 d4 32. d7+ Kxd7 33. Qxa7+ Ke8 34. Qxd4 f6 35. Qa7 Bd7 36. a5 Kd8 37. a6 Rc7 38. Qb8+ Rc8 39. Qb6+ Ke7 40. a7 Bc6 41. Qxc6 Rxc6 42. a8Q Rc7 43. Qa6 Rd7 44. Kh3 Rd6 45. Qb7+ Rd7 46. Qc6 Rd8 47. g4 Rd3+ 48. Kh4 Rd7 49. f4 Rd8 50. Qc5+ Ke8 51. Qb6 Ke7 52. g5 fxg5+ 53. fxg5 hxg5+ 54. Kxg5 Rd6 55. Qc7+ Rd7 56. Qc5+ Kf7 57. Qf2+ Kg8 58. Kg6 e5 59. Qa2+ Kf8 60. Qa8+ Ke7 61. Kxg7 Ke6+ 62. Kg6 1-0

[Event "GER-ch U12"]
[Site "Willingen"]
[Date "2024.05.22"]
[Round "5"]
[White "Stehning, Toni"]
[Black "Junge, Mattheo Gabriel"]
[Result "0-1"]
[WhiteElo "1821"]
[BlackElo "1817"]
[PlyCount "104"]
[EventDate "2024.05.19"]
[EventType "swiss"]
[EventRounds "9"]
[EventCountry "GER"]
[SourceTitle "CBM 220 Extra"]
[Source "ChessBase"]
[SourceDate "2024.07.31"]
[SourceVersion "1"]
[SourceVersionDate "2024.07.31"]
[SourceQuality "1"]

1. e4 c6 2. Nc3 g6 3. Bc4 Bg7 4. d4 d6 5. Nge2 Nf6 6. Bg5 0-0 7. Qd2 Nbd7 8. f4 b5 9. Bd3 h6 10. Bh4 e5 11. Bxf6 Qxf6 12. d5 exf4 13. 0-0 b4 14. Nd1 cxd5 15. Rxf4 Qe5 16. Qxb4 Rb8 17. Qa3 dxe4 18. Rxe4 Qc5+ 19. Qxc5 Nxc5 20. Re7 Bxb2 21. Nxb2 Rxb2 22. Nc3 Nxd3 23. cxd3 Bf5 24. Rxa7 Rfb8 25. Ne4 Bxe4 26. dxe4 Re2 27. Rf1 Rbb2 28. Rfxf7 Rxg2+ 29. Kf1 Rgc2 30. Kg1 Rg2+ 31. Kf1 Rxh2 32. Kg1 Rhg2+ 33. Kh1 Rh2+ 34. Kg1 Rbg2+ 35. Kf1 Rb2 36. Kg1 Rhc2 37. a4 Rc1+ 38. Rf1 Rxf1+ 39. Kxf1 Ra2 40. a5 h5 41. a6 h4 42. Ra8+ Kg7 43. a7 h3 44. Kg1 g5 45. Rd8 Rxa7 46. Rxd6 g4 47. e5 g3 48. Rd1 Kg6 49. e6 Kg5 50. Re1 Kg4 51. Re4+ Kf3 52. Re1 h2+ 0-1

[Event "GER-ch U12"]
[Site "Willingen"]
[Date "2024.05.19"]
[Round "1"]
[White "Hagn, Tobias"]
[Black "Junge, Mattheo Gabriel"]
[Result "1-0"]
[WhiteElo "1631"]
[BlackElo "1817"]
[PlyCount "151"]
[EventDate "2024.05.19"]
[EventType "swiss"]
[EventRounds "9"]
[EventCountry "GER"]
[SourceTitle "CBM 220 Extra"]
[Source "ChessBase"]
[SourceDate "2024.07.31"]
[SourceVersion "1"]
[SourceVersionDate "2024.07.31"]
[SourceQuality "1"]

1. e4 c6 2. d4 d5 3. exd5 cxd5 4. Bd3 Nc6 5. c3 Nf6 6. Bf4 Bg4 7. Qc2 Rc8 8. f3 Bh5 9. Ne2 e6 10. Nd2 Be7 11. Nb3 0-0 12. Bg5 Nb4 13. Qd2 Nxd3+ 14. Qxd3 Bg6 15. Qd2 h6 16. Bh4 b6 17. h3 Qd7 18. Bg3 Nh5 19. Bh2 Bg5 20. f4 Be7 21. 0-0 Nf6 22. g4 h5 23. gxh5 Nxh5 24. Ng3 Nxg3 25. Bxg3 Bf5 26. Kf2 Bxh3 27. Rh1 Bf5 28. Qe2 Bg6 29. Bh4 Bd6 30. Qg4 Be7 31. Bf6 Bxf6 32. Qh3 Bh4+ 33. Qxh4 f6 34. Rag1 Be4 35. Qh8+ Kf7 36. Rxg7+ Ke8 37. Qxf8+ Kxf8 38. Rxd7 Bxh1 39. Rh7 Kg8 40. Rxh1 Rc6 41. Kf3 a5 42. Nd2 b5 43. Rc1 Kf7 44. b3 Ke7 45. c4 bxc4 46. bxc4 dxc4 47. Rxc4 Rd6 48. Ke4 Rd8 49. Rc7+ Kd6 50. Ra7 Rc8 51. Ra6+ Ke7 52. Rxa5 Rc3 53. f5 exf5+ 54. Kxf5 Rd3 55. Ra7+ Kd6 56. Nb3 Rf3+ 57. Ke4 Rf1 58. Ra6+ Ke7 59. d5 Re1+ 60. Kf3 Rd1 61. d6+ Rxd6 62. Rxd6 Kxd6 63. a4 Kc6 64. a5 Kb5 65. Kf4 Ka6 66. Kf5 Kb5 67. Kxf6 Ka6 68. Ke5 Kb5 69. Kd5 Ka6 70. Kc6 Ka7 71. Kb5 Kb7 72. Nc5+ Ka7 73. a6 Kb8 74. Kb6 Ka8 75. Ne6 Kb8 76. Nc7 1-0

[Event "GER-ch U12"]
[Site "Willingen"]
[Date "2024.05.19"]
[Round "2"]
[White "Junge, Mattheo Gabriel"]
[Black "Levytskyi, Oleksandr"]
[Result "1-0"]
[WhiteElo "1817"]
[BlackElo "1467"]
[PlyCount "45"]
[EventDate "2024.05.19"]
[EventType "swiss"]
[EventRounds "9"]
[EventCountry "GER"]
[SourceTitle "CBM 220 Extra"]
[Source "ChessBase"]
[SourceDate "2024.07.31"]
[SourceVersion "1"]
[SourceVersionDate "2024.07.31"]
[SourceQuality "1"]

1. e4 e5 2. Nf3 Nc6 3. Bb5 a6 4. Ba4 Nf6 5. 0-0 b5 6. Bb3 Be7 7. Re1 d6 8. h3 Na5 9. c3 0-0 10. Bc2 c5 11. d4 Qc7 12. d5 Re8 13. Nbd2 Bf8 14. Nf1 g6 15. Ng3 Bg7 16. b3 Rf8 17. Bd2 Ne8 18. Qc1 f5 19. exf5 gxf5 20. Bh6 e4 21. Nh4 Qf7 22. Qg5 Qxd5 23. Bxe4 1-0

[Event "GER-ch U12"]
[Site "Willingen"]
[Date "2023.06.03"]
[Round "9"]
[White "Junge, Mattheo Gabriel"]
[Black "Sepe, Giovanni Paolo"]
[Result "1-0"]
[WhiteElo "1302"]
[BlackElo "1550"]
[PlyCount "139"]
[EventDate "2023.05.27"]
[EventType "swiss"]
[EventRounds "9"]
[EventCountry "GER"]
[SourceTitle "CBM 214 Extra"]
[Source "ChessBase"]
[SourceDate "2023.07.31"]
[SourceVersion "1"]
[SourceVersionDate "2023.07.31"]
[SourceQuality "1"]

1. e4 c5 2. Ne2 Nc6 3. g3 g6 4. Bg2 Bg7 5. c3 e5 6. 0-0 Nge7 7. Na3 0-0 8. d3 d6 9. Be3 Be6 10. Nc2 f5 11. f4 b6 12. a4 a5 13. Na3 Rc8 14. Nb5 fxe4 15. dxe4 d5 16. fxe5 dxe4 17. Nd6 Nf5 18. Rxf5 gxf5 19. Nf4 Bxe5 20. Nxe6 Qxd6 21. Qb3 c4 22. Qxc4 Nd4 23. Nc5+ Rf7 24. cxd4 Bg7 25. Qe6 Rd8 26. Qxd6 Rxd6 27. Nb3 Rfd7 28. Bh3 Rd5 29. Rf1 Rf7 30. Rc1 b5 31. Bf1 Kf8 32. Bxb5 Ra7 33. Rc8+ Ke7 34. Bc4 Rdd7 35. Rc5 Rdc7 36. d5 Be5 37. Rxa5 Rxa5 38. Nxa5 Bxb2 39. Nc6+ Kf6 40. a5 f4 41. Bxf4 Bd4+ 42. Kg2 Rc8 43. a6 Bc5 44. Bb8 Kf5 45. a7 Bxa7 46. Bxa7 Rc7 47. Nd4+ Kf6 48. Nc6 Rd7 49. Bd4+ Kf5 50. Ne5 Rd6 51. Nf7 Rd7 52. d6 e3 53. Bxe3 Ke4 54. Bc5 Kf5 55. g4+ Ke4 56. Be6 Rb7 57. d7 Rb2+ 58. Kg3 Rb3+ 59. Bxb3 h5 60. Nd6+ Ke5 61. Bd4+ Kxd4 62. d8Q h4+ 63. Kf3 h3 64. Nf5+ Kc5 65. Qd6+ Kb5 66. Nd4+ Ka5 67. Qc5+ Ka6 68. Qb5+ Ka7 69. Nc6+ Ka8 70. Qb8# 1-0

[Event "GER-ch U10"]
[Site "Willingen"]
[Date "2022.06.10"]
[Round "9"]
[White "Junge, Mattheo Gabriel"]
[Black "Rudolph, Simon"]
[Result "1/2-1/2"]
[WhiteElo "1132"]
[BlackElo "1361"]
[PlyCount "158"]
[EventDate "2022.06.04"]
[EventType "swiss"]
[EventRounds "11"]
[EventCountry "GER"]
[SourceTitle "CBM 208 Extra"]
[Source "ChessBase"]
[SourceDate "2022.07.31"]
[SourceVersion "1"]
[SourceVersionDate "2022.07.31"]
[SourceQuality "1"]

1. e4 Nf6 2. e5 Nd5 3. d4 d6 4. Bc4 Nb6 5. Bd3 Nc6 6. Nf3 Bg4 7. exd6 exd6 8. c3 Be7 9. 0-0 Nd5 10. Nbd2 Nf6 11. Qc2 0-0 12. Ng5 g6 13. h3 Bd7 14. Nde4 Nxe4 15. Nxe4 d5 16. Nc5 Bxc5 17. dxc5 d4 18. b4 dxc3 19. Qxc3 Re8 20. Bb2 f6 21. Qxf6 Qxf6 22. Bxf6 Nxb4 23. Bb1 Re6 24. Bg5 Nc6 25. a4 Re5 26. Ba2+ Be6 27. Bf6 Re2 28. Bb1 Bc4 29. Rc1 Ba6 30. Ba2+ Kf8 31. Re1 Rae8 32. Red1 Nb4 33. Bb3 Nd3 34. Bd4 Re1+ 35. Rxe1 Rxe1+ 36. Rxe1 Nxe1 37. f4 Ke7 38. Kf2 Nd3+ 39. Ke3 Nb4 40. g4 Nc6 41. Bc3 b6 42. cxb6 cxb6 43. f5 gxf5 44. gxf5 b5 45. axb5 Bxb5 46. f6+ Kf8 47. Bb2 a5 48. Ba3+ Nb4 49. Kf4 Be8 50. Kg5 Bf7 51. Bc2 Kg8 52. Bf5 Nd5 53. Bb2 a4 54. Kh6 a3 55. Bxh7+ Kf8 56. Bxa3+ Ke8 57. Bb2 Kd7 58. Bg6 Ke6 59. Bxf7+ Kxf7 60. Kg5 Nb6 61. h4 Nd7 62. h5 Nf8 63. Kf5 Nh7 64. Bc3 Nf8 65. Bb4 Nd7 66. Be7 Kg8 67. h6 Kh7 68. Kg5 Ne5 69. Kh5 Nf7 70. Bf8 Nh8 71. Kg5 Nf7+ 72. Kf5 Nd8 73. Bg7 Nf7 74. Ke6 Ng5+ 75. Ke7 Nf7 76. Bf8 Ng5 77. f7 Kg6 78. h7 Nxf7 79. Bh6 Kxh7 1/2-1/2

[Event "GER-ch U10"]
[Site "Willingen"]
[Date "2021.08.27"]
[Round "8"]
[White "Boehler, Yannic"]
[Black "Junge, Mattheo Gabriel"]
[Result "1/2-1/2"]
[WhiteElo "1150"]
[BlackElo "1451"]
[PlyCount "104"]
[EventDate "2021.08.22"]
[EventType "swiss"]
[EventRounds "11"]
[EventCountry "GER"]
[SourceTitle "EXT 2022"]
[Source "ChessBase"]
[SourceDate "2021.10.06"]
[SourceVersion "1"]
[SourceVersionDate "2021.10.06"]
[SourceQuality "1"]

1. c4 e5 2. Nc3 Nc6 3. Nf3 g6 4. g3 Bg7 5. Bg2 Nge7 6. d3 d6 7. Rb1 a5 8. a3 h6 9. b4 g5 10. b5 Na7 11. Qa4 b6 12. Bb2 Rb8 13. 0-0 Be6 14. Rfd1 Ng6 15. d4 Bf5 16. e4 Bg4 17. h3 Bxf3 18. Bxf3 exd4 19. Ne2 Ne5 20. Nxd4 Qc8 21. Bg2 Nd7 22. Nc6 Nc5 23. Qc2 Nxc6 24. Bxg7 Rg8 25. Bf6 Ne5 26. Bxe5 dxe5 27. Rd5 f6 28. Rbd1 h5 29. Qe2 g4 30. hxg4 Rxg4 31. Bh3 Rxg3+ 32. fxg3 Qxh3 33. Qg2 Qxg2+ 34. Kxg2 Nxe4 35. Rh1 Rd8 36. Rxd8+ Kxd8 37. Rxh5 Ke7 38. Rh4 Ng5 39. Kf2 Kd6 40. Ke3 Ke6 41. Kd3 Nf3 42. Rg4 Ng5 43. c5 Kd5 44. cxb6 cxb6 45. Rc4 f5 46. Rc6 Ne4 47. Rxb6 Nxg3 48. Rf6 Ne4 49. Rxf5 Nd6 50. b6 Kc6 51. Rxe5 Kxb6 52. Re6 Kc5 1/2-1/2

[Event "GER-chT U14"]
[Site "Willingen"]
[Date "2021.06.25"]
[Round "3.9"]
[White "Clauss, Annika"]
[Black "Junge, Mattheo Gabriel"]
[Result "1-0"]
[WhiteElo "1133"]
[BlackElo "1267"]
[PlyCount "36"]
[EventDate "2021.06.23"]
[EventType "team-swiss"]
[EventRounds "7"]
[EventCountry "GER"]
[SourceTitle "EXT 2022"]
[Source "ChessBase"]
[SourceDate "2021.10.06"]
[SourceVersion "1"]
[SourceVersionDate "2021.10.06"]
[SourceQuality "1"]
[WhiteTeam "Muenster 32"]
[BlackTeam "Schott Jena"]
[WhiteTeamCountry "GER"]
[BlackTeamCountry "GER"]

1. e4 e5 2. Bc4 Nf6 3. Qf3 Bc5 4. Ne2 Nc6 5. Nbc3 d6 6. h3 0-0 7. d3 Nb4 8. Bb3 Be6 9. a3 Nc6 10. Bg5 Bxb3 11. cxb3 Nd4 12. Nxd4 Bxd4 13. Nd5 Bxf2+ 14. Ke2 Bd4 15. Nxf6+ Kh8 16. Nxh7 f6 17. Qh5 g6 18. Qh6 fxg5 1-0